Youth Christian Council of Action 1938-1954 (Record no. 3365)

MARC details
000 -LEADER
fixed length control field 00600nam a2200241 a 4500
020 ## - INTERNATIONAL STANDARD BOOK NUMBER
ISBN
082 00 - DEWEY DECIMAL CLASSIFICATION NUMBER
Classification number 267.6
Author Cutter JOH
100 ## - MAIN ENTRY--AUTHOR NAME
Author name John, George M
245 ## - TITLE STATEMENT
Title Youth Christian Council of Action 1938-1954
260 ## - PUBLICATION, DISTRIBUTION, ETC. (IMPRINT)
Place of publication Madras
Name of publisher Christian Literature Society
Year of publication 1972
300 ## - PHYSICAL DESCRIPTION
Number of Pages 98p
500 ## - GENERAL NOTE
General note includes index and biblioraphy
505 2# - FORMATTED CONTENTS NOTE
Formatted contents note resereved
650 ## - SUBJECT ADDED ENTRY--TOPICAL TERM
Topical Term Christian-Youth
942 ## - ADDED ENTRY ELEMENTS (KOHA)
Koha item type Books
700 1# -
-- John, George M
Holdings
Collection code Home library Current library Date acquired Cost, normal purchase price Full call number Accession Number Koha item type
  Henry Martyn Institute Library Henry Martyn Institute Library 07/12/2007 100.00 267.6 JOH 06941 Books
                   Copyright © 2026 | Henry Martyn Institute | Hyderabad | TS-500052 | INDIA | Implemented by hmi.edu.in
Hit-Count:

Powered by Koha